|
|
|
|
| LEADER |
00000nam0a2200000 4500 |
| 001 |
274995 |
| 005 |
20231101234801.0 |
| 020 |
|
|
|a RU
|b 85-97663
|
| 035 |
|
|
|a (RuTPU)RU\TPU\book\298224
|
| 090 |
|
|
|a 274995
|
| 100 |
|
|
|a 20141111d1985 km y0rusy5003 ca
|
| 101 |
0 |
|
|a rus
|
| 102 |
|
|
|a RU
|
| 105 |
|
|
|a y z 000zy
|
| 200 |
1 |
|
|a XII Всемирный: день за днем
|e сборник
|f сост. А. Лопухин
|
| 210 |
|
|
|a Москва
|c Молодая гвардия
|d 1985
|
| 215 |
|
|
|a 136 с.
|
| 606 |
1 |
|
|a Международные фестивали молодежи и студентов
|2 stltpush
|3 (RuTPU)RU\TPU\subj\41941
|9 61706
|
| 610 |
1 |
|
|a молодежь
|
| 610 |
1 |
|
|a молодежные форумы
|
| 610 |
1 |
|
|a молодежные движения
|
| 610 |
1 |
|
|a студенты
|
| 610 |
1 |
|
|a международные организации
|
| 686 |
|
|
|a Ф75(0)01
|2 rubbk
|
| 700 |
|
1 |
|a Лопухин
|b А. В.
|g Александр Владимирович
|4 220
|
| 801 |
|
0 |
|a RU
|b RuMRKP
|c 19950704
|g psbo
|
| 801 |
|
1 |
|a RU
|b 63413507
|c 20141111
|
| 801 |
|
2 |
|a RU
|b 63413507
|c 20151225
|g RCR
|
| 942 |
|
|
|c BK
|